Ottoman Sultans - Statistics

General Stats
  • This quiz has been taken 202 times
  • The average score is 27 of 36
Answer Stats
Reign Answer % Correct
1403-1421 Mehmed I
93%
1444-1446, 1451-1481 Mehmed II
93%
1595-1603 Mehmed III
93%
1648-1687 Mehmed IV
93%
1909-1918 Mehmed V
93%
1918-1922 Mehmed VI
93%
1299-1324 Osman I
90%
1618-1622 Osman II
90%
1754-1757 Osman III
90%
1520-1566 Suleiman I
89%
1687-1691 Suleiman II
89%
1512-1520 Selim I
76%
1566-1574 Selim II
76%
1789-1807 Selim III
76%
1362-1389 Murad I
75%
1421-1444, 1446-1451 Murad II
75%
1574-1595 Murad III
75%
1623-1640 Murad IV
75%
1876 Murad V
75%
1389-1403 Bayezid I
73%
1481-1512 Bayezid II
73%
1603-1617 Ahmed I
66%
1691-1695 Ahmed II
66%
1703-1730 Ahmed III
66%
1617-1618, 1622-1623 Mustafa I
66%
1695-1703 Mustafa II
66%
1757-1774 Mustafa III
66%
1807-1808 Mustafa IV
66%
1324-1362 Orhan
66%
1774-1789 Abdul Hamid I
63%
1876-1909 Abdul Hamid II
63%
1640-1648 Ibrahim
60%
1861-1876 Abdulaziz
55%
1730-1754 Mahmud I
54%
1808-1839 Mahmud II
54%
1839-1861 Abdulmejid I
50%
No matching quizzes found
Score Distribution
Percent of People with Each Score
Percentile by Number Answered
Your Score History
You have not taken this quiz